000 00867nam a2200325 a 4500
003 AR-BaBNM
005 20251128203723.0
008 082120s2002 ||||||||||||||000 | spa||
040 _cAR-BaBNM
100 1 _aCarloni, J.C.
245 0 0 _aLa crítica literaria francesa
260 _aBuenos Aires
_bEudeba
_c1961
300 _a59 p.
490 0 _aCuadernos de Eudeba
_vv. 52
500 _aContiene referencias bibliográficas en p. 57
650 4 _aCRITICA LITERARIA
650 4 _aLITERATURA FRANCESA
650 4 _aFILOSOFIA LITERARIA
650 4 _aHISTORIA LITERARIA
650 4 _aPOSITIVISMO
650 4 _aMARXISMO
650 4 _aPSICOANALISIS
650 4 _aRECURSOS LITERARIOS
653 _aIMPRESIONISMO
655 _aLITERATURA
700 1 _aFilloux, Jean-Claude
700 1 _aMermot, Néstor
_etraductor
942 _cBK
998 _cMARTIN
999 _c4634
_d4634